| 000 | 00512nam a22002057a 4500 | ||
|---|---|---|---|
| 003 | OSt | ||
| 005 | 20140310182830.0 | ||
| 008 | 130603t xxu||||| |||| 00| 0 eng d | ||
| 020 | _a0875091636 | ||
| 050 |
_aBX 1756 _b.T757 1979 |
||
| 082 |
_aM 252.099 _bT66 1979 |
||
| 245 |
_aGems from Tozer _cTozer, A.W. |
||
| 260 |
_aPennsylvania _bChristian Publications _cc1979 |
||
| 300 | _a96 p. | ||
| 521 | _acollege students | ||
| 526 | _c1210L-1700L | ||
| 541 | _j1 | ||
| 562 | _e1 | ||
| 942 |
_2lcc _cBK _kM |
||
| 999 |
_c16616 _d16616 |
||